书目信息 |
| 题名: |
开启团队合作学习模式
|
|
| 作者: | 锡布利 著 ;王颖 , 韩寻 译 | |
| 分册: | ||
| 出版信息: | 上海 复旦大学出版社有限公司 2020.05 |
|
| 页数: | 144页 | |
| 开本: | 26cm | |
| 丛书名: | 复旦高校教师发展译丛 | |
| 单 册: | ||
| 中图分类: | G642.421 | |
| 科图分类: | ||
| 主题词: | 课堂教学--教学研究--高等学校 | |
| 电子资源: | ||
| ISBN: | 978-7-309-14117-7 | |
| 000 | 01492oam2 2200313 450 | |
| 001 | 0103152650 | |
| 005 | 20201103152731.0 | |
| 010 | @a978-7-309-14117-7@dCNY39.00 | |
| 100 | @a20200604d2020 em y0chiy50 ea | |
| 101 | 1 | @achi@ceng |
| 102 | @aCN@b310000 | |
| 105 | @aa z 000yy | |
| 106 | @ar | |
| 200 | 1 | @a开启团队合作学习模式@Akai qi tuan dui he zuo xue xi mo shi@f(加)吉姆·锡布利(Jim Sibley)[等]著@g王颖,韩寻译 |
| 210 | @a上海@c复旦大学出版社有限公司@d2020.05 | |
| 215 | @a144页@c图, 照片@d26cm | |
| 225 | 2 | @a复旦高校教师发展译丛 |
| 304 | @a著者还有:(加)彼得·奥斯塔菲恰克(Pete Ostafichuk)、(美)比尔·罗伯森(Bill Roberson)、(美)比莉·弗兰基尼(Billie Franchini)、(美)卡拉·库比兹(Karla Kubitz)、(美)拉里·迈克尔森(Larry Michaelsen) | |
| 312 | @a封面英文题名:Getting started with team-based learning | |
| 330 | @a本书讲述团队合作学习模式是非常独特而有效的小组学习形式。通过问责架构和教学程序来充分发挥团队和社会学习的力量。书中提供从模式原理到实践范例全方位的指导,并给出具体的意见、建议和提示帮助读者在课堂上成功驾驭团队合作学习模式。读者会从书中找到设计、建构、实施和使用这一模式所需的一切。 | |
| 461 | 0 | @12001 @a复旦高校教师发展译丛 |
| 510 | 1 | @aGetting started with team-based learning@zeng |
| 606 | 0 | @a课堂教学@x教学研究@x高等学校 |
| 690 | @aG642.421@v5 | |
| 701 | 0 | @c(加)@a锡布利@Axi bu li@c(Sibley, Jim)@4著 |
| 702 | 0 | @a王颖@Awang ying@4译 |
| 702 | 0 | @a韩寻@Ahan xun@4译 |
| 801 | 0 | @aCN@bBJSZM@c20201103 |
| 905 | @b1256441-5@dG642.421@e1706@f5 | |
| 开启团队合作学习模式/(加)吉姆·锡布利(Jim Sibley)[等]著/王颖,韩寻译.-上海:复旦大学出版社有限公司,2020.05 |
| 144页:图, 照片;26cm.-(复旦高校教师发展译丛) |
| ISBN 978-7-309-14117-7:CNY39.00 |
| 本书讲述团队合作学习模式是非常独特而有效的小组学习形式。通过问责架构和教学程序来充分发挥团队和社会学习的力量。书中提供从模式原理到实践范例全方位的指导,并给出具体的意见、建议和提示帮助读者在课堂上成功驾驭团队合作学习模式。读者会从书中找到设计、建构、实施和使用这一模式所需的一切。 |
| ● |
| 相关链接 |
|
|
|
|
正题名:开启团队合作学习模式
索取号:G642.421/1706
 
预约/预借
| 序号 | 登录号 | 条形码 | 馆藏地/架位号 | 状态 | 备注 |
| 1 | 1256441 | 212564410 | 第一样本阅览室/ [索取号:G642.421/1706] | 在馆 | |
| 2 | 1256442 | 212564429 | 教育系资料室/ [索取号:G642.421/1706] | 在馆 | |
| 3 | 1256443 | 212564438 | 教育系资料室/ [索取号:G642.421/1706] | 在馆 | |
| 4 | 1256444 | 212564447 | 第四借阅区/ [索取号:G642.421/1706] | 在馆 | |
| 5 | 1256445 | 212564456 | 第四借阅区/ [索取号:G642.421/1706] | 在馆 |